Optimización de confiabilidad-costos en una red de electricidad rural

Պահպանված է:
Մատենագիտական մանրամասներ
Հիմնական հեղինակ: Gray Jones, Raymond
Ձևաչափ: Գիրք
Հրապարակվել է: [San José , Costa Rica] 1986
Խորագրեր:
Ցուցիչներ: Ավելացրեք ցուցիչ
Չկան պիտակներ, Եղեք առաջինը, ով նշում է այս գրառումը!

MARC

LEADER 00000nam a2200000Ia 4500
003 004331
005 20221231144403.0
008 140114s1986 cr a m 000 ||s d
040 |c cru CEDI 
090 |a TFG 1670 
100 |a Gray Jones, Raymond  |9 14587 
245 |a Optimización de confiabilidad-costos en una red de electricidad rural 
260 |c 1986  |a [San José , Costa Rica] 
300 |a  101 hojas  
500 |a Proyecto de graduación (bachillerato en ingeniería eléctrica)--Universidad de Costa Rica. Facultad de Ingeniería. Escuela de Ingeniería Eléctrica 
650 |x ELECTRIFICACION RURAL  |9 14588 
942 |c TFG 
999 |c 21131  |d 21131